Datum a čas kvízu
29.5
Celkem bodů
Celkový počet nahraných bodů na tomto kvízu bez doplňovacích otázek.
10.
Pořadí na kvízu
Konečné umístění týmu na tomto kvízu.
Zaznamenané odpovědi
| # | Otázka | Odpověď | Body | Výsledky |
|---|---|---|---|---|
| 1. | Ručně a stručně vyřešila své p... | v Brně | 1 | |
| 2. | Vláda jedné země chystá poměrn... | Austrálie | 1 | |
| 3. | Který bývalý člen kanceláře pr... | Jiří Ovčáček | 1 | |
| 4. | Řetězec Pepco se pod tlakem zá... | C) zkušební kabiny | 0 | |
| 5. | V nominaci německé fotbalové r... | Lotyšsko | 0 | |
| 6. | Napište názvy dvou filmů Zacka... | 300: Bitva u Thermopyl, 300: Vzestup říše | 0.5 | |
| 7. | Režisér a scenárista Otakar Vá... | Proti všem | 0 | |
| 8. | Německý film režiséra Edwarda... | Na západní frontě klid, Erich Maria Remarque | 1 | |
| 9. | Film Pianista byl natočen v ro... | Adrien Brody, Roman Polański | 0 | |
| 10. | Napište název filmu, z něhož p... | Apokalypsa/Apocalypse Now | 0 |